000 00674nam a2200217Ii 4500
003 JO-AjNU
008 230605s9999||||xx |||||||||||||| ||und||
017 _a1995/2/115
040 _aJO-AjNU
_bara
_erda
_cJO-AjNU
041 _aara
050 1 4 _aSB599.A2829 1995
100 3 _aابوبلان ،حفظي احمد واخرووون ,
_eauthor
_99284
245 0 0 _aامراض النبات العملي
250 _aط2
264 3 1 _aعمان:المركز العربي للخدمات ، 1995
300 _a183ص
336 _atext
_btxt
_2rdacontent
337 _aunmediated
_bn
_2rdamedia
338 _avolume
_bnc
_2rdacarrier
650 4 _aالنبات-امراض
_99285
999 _aA1219
_c4787
_d4787